Little witch's bad dream / (Record no. 7239)

MARC details
000 -LEADER
fixed length control field 00989nam a22003017a 4500
001 - CONTROL NUMBER
control field 7239
003 - CONTROL NUMBER IDENTIFIER
control field FISKH
005 - DATE AND TIME OF LATEST TRANSACTION
control field 20250703144103.0
008 - FIXED-LENGTH DATA ELEMENTS--GENERAL INFORMATION
fixed length control field 250703b cb ||||| |||| 00| 0 eng d
020 ## - INTERNATIONAL STANDARD BOOK NUMBER
International Standard Book Number 0439340187
040 ## - CATALOGING SOURCE
Original cataloging agency FISKH
Language of cataloging eng
Transcribing agency FISKH
Modifying agency FISKH
050 ## - LIBRARY OF CONGRESS CALL NUMBER
Classification number PZ7.H2888 L
082 ## - DEWEY DECIMAL CLASSIFICATION NUMBER
Classification number 813.54
100 ## - MAIN ENTRY--PERSONAL NAME
Personal name Hautzig, Deborah
Dates associated with a name (1956-)
245 ## - TITLE STATEMENT
Title Little witch's bad dream /
Statement of responsibility, etc. By Deborah Hautzig ; Illustrated by Sylvie Wickstrom
250 ## - EDITION STATEMENT
Edition statement This edition first published in 2001
260 ## - PUBLICATION, DISTRIBUTION, ETC.
Place of publication, distribution, etc. New York :
Name of publisher, distributor, etc. Scholastic,
Date of publication, distribution, etc. 2000
300 ## - PHYSICAL DESCRIPTION
Extent 48 pages :
Other physical details color illustrations ;
Dimensions 23 cm
505 ## - FORMATTED CONTENTS NOTE
Formatted contents note J<br/>
520 ## - SUMMARY, ETC.
Summary, etc. Little Witch tries to be nice to her guest Cousin Bossy, but everything she does is wrong because witches are supposed to be bad and mean.<br/>
521 8# - TARGET AUDIENCE NOTE
Target audience note 470<br/>
Source Lexile<br/>
521 8# - TARGET AUDIENCE NOTE
Target audience note J<br/>
Source Raz-Plus<br/>
650 ## - SUBJECT ADDED ENTRY--TOPICAL TERM
Source of heading or term Halloween
Topical term or geographic name entry element Thanksgiving
650 ## - SUBJECT ADDED ENTRY--TOPICAL TERM
Source of heading or term Fall
Topical term or geographic name entry element Witch
700 ## - ADDED ENTRY--PERSONAL NAME
Personal name Wickstrom, Sylvie
Dates associated with a name illustrator
942 ## - ADDED ENTRY ELEMENTS (KOHA)
Source of classification or shelving scheme Dewey Decimal Classification
Koha item type Books
Suppress in OPAC No
Holdings
Withdrawn status Lost status Source of classification or shelving scheme Damaged status Not for loan Collection Home library Current library Shelving location Date acquired Total Checkouts Full call number Barcode Date last seen Copy number Price effective from Koha item type
    Dewey Decimal Classification     Juvenile Fiction Footprints International School Library Network Toul Tom Poung Campus Footprints International School Library Network Toul Tom Poung Campus TTP Primary Dark Blue Bookshelves 07/03/2025   HAU 813.54 PZ7.H2888 L FISBK02829 07/03/2025 1 07/03/2025 Books